| 000 | 00414nam a22001697a 4500 | ||
|---|---|---|---|
| 003 | SGT | ||
| 020 | _a9789388022866 | ||
| 082 |
_a615 _bE23G |
||
| 100 | _aGUPTA, PRAVIN | ||
| 245 | _aEXPERIMANTAL HB. OF PHYSICAL PHARMACEUTICS | ||
| 250 | _a1ST | ||
| 260 |
_aINDIA _bINNOVATIVE PUB _c2023 |
||
| 300 | _a208 | ||
| 650 | _aPHARMACOLOGY | ||
| 653 | _aEXPERIMANTAL HB. OF PHYSICAL PHARMACEUTICS | ||
| 942 |
_2ddc _cBK |
||
| 999 |
_c25384 _d25384 |
||